000 00602nam a2200229Ia 4500
003 OSt
005 20220928101802.0
006 a|||||r|||| 00| 0
007 ta
008 220927b |||||||| |||| 00| 0 eng d
024 _a48143
037 _cTextual
040 _aSDCL
_cSDCL
_beng
041 _2eng
_aeng
082 _aO152,1N2:g, J7
100 _aSingh Kedar Nath
_9393468
245 0 _aKalpana aur chhayavad.
260 _aAllahabad
_bHans Prakashan
_c1957
300 _a127p
_ccm.
942 _hO152,1N2:g, J7
_cTEXL
_2CC
999 _c710757
_d710757